[Event "12th Israeli intl it"]
[Site "Netanya ISR"]
[Date "1975.05.31"]
[Round "4"]
[White "Shamkovich, Leonid"]
[Black "Pachman, Ludek"]
[Result "0-1"]
[WhiteElo "2505"]
[BlackElo "2510"]
[EventDate "1975.05.28"]
[PlyCount "94"]
[Source "ChessBase"]

1.e4 e5 2.Nf3 Nc6 3.Bb5 a6 4.Ba4 d6 5.O-O Bd7 6.d4 Nf6 7.c3 Qe7 8.Re1 g6 
9.Nbd2 Bg7 10.Nf1 O-O 11.Ne3 exd4 12.cxd4 Qxe4 13.Bc2 Qe7 14.Nf5 Bxf5 15.
Rxe7 Nxe7 16.Bg5 Rfe8 17.Bxf5 Nxf5 18.Bxf6 Bxf6 19.g4 Nh4 20.Nxh4 Bxh4 21.
Qf3 c6 22.Qf4 Re2 23.Rf1 Rae8 24.f3 Rxb2 25.g5 Be1 26.Qxd6 Bb4 27.Qc7 Ree2
28.a4 Ba5 29.Qb8+ Kg7 30.h4 Bb6 31.Kh1 Bxd4 32.Qg3 b5 33.axb5 axb5 34.f4 
b4 35.h5 gxh5 36.f5 Rh2+ 37.Qxh2 Rxh2+ 38.Kxh2 h6 39.gxh6+ Kxh6 40.Rb1 c5 
41.Kg3 Kg5 42.Kf3 Kxf5 43.Rh1 Kg5 44.Rh2 b3 45.Rg2+ Kf6 46.Rh2 b2 47.Rh1 
h4 0-1

[Event "12th Israeli intl it"]
[Site "Netanya ISR"]
[Date "1975.05.31"]
[Round "4"]
[White "Timman, Jan"]
[Black "Panno, Oscar"]
[Result "1/2-1/2"]
[WhiteElo "2510"]
[BlackElo "2545"]
[EventDate "1975.05.28"]
[PlyCount "116"]
[Source "ChessBase"]

1.e4 c5 2.Nf3 d6 3.d4 cxd4 4.Nxd4 e6 5.Nc3 Be7 6.Be2 Nc6 7.Be3 Nf6 8.O-O 
Bd7 9.f4 Nxd4 10.Bxd4 Bc6 11.Qd3 O-O 12.Rad1 Qa5 13.a3 Rfd8 14.b4 Qc7 15.
e5 Nd5 16.Nxd5 Bxd5 17.c4 Bc6 18.Qc3 g6 19.exd6 Bxd6 20.Qe3 Ba4 21.Rde1 
Bf8 22.Bxa7 Bg7 23.Bb6 Qxb6 24.Qxb6 Bd4+ 25.Qxd4 Rxd4 26.Rc1 Rd2 27.Bf3 
Bc6 28.b5 Bxf3 29.Rxf3 Ra2 30.Rcc3 b6 31.Rfd3 Kf8 32.Rd6 Rb8 33.Rcd3 Rc2 
34.Rc6 Ra2 35.h3 h5 36.Rc7 Kg7 37.Rdd7 Rf8 38.Rc6 Rxa3 39.Rxe6 Rc3 40.Rc6 
Re8 41.Rcc7 Rf8 42.Kf2 h4 43.Re7 Kf6 44.Re3 Rc2+ 45.Re2 Rc3 46.Ree7 Rxc4 
47.Rxf7+ Rxf7 48.Rxc4 Kf5 49.Rc6 Ra7 50.Rxb6 Ra2+ 51.Kf3 Rb2 52.Rb8 Rb3+ 
53.Ke2 Kxf4 54.Rf8+ Kg5 55.Rb8 Kf4 56.Rb6 g5 57.Rf6+ Ke5 58.Rg6 Kf5 
1/2-1/2

[Event "12th Israeli intl it"]
[Site "Netanya ISR"]
[Date "1975.06.01"]
[Round "5"]
[White "Balshan, Amikam"]
[Black "Timman, Jan"]
[Result "1-0"]
[WhiteElo "2435"]
[BlackElo "2510"]
[EventDate "1975.05.28"]
[PlyCount "89"]
[Source "ChessBase"]

1.d4 Nf6 2.c4 g6 3.Nf3 Bg7 4.g3 O-O 5.Bg2 d6 6.Nc3 c6 7.O-O Qa5 8.h3 e5 9.
d5 cxd5 10.cxd5 Bd7 11.Be3 Na6 12.Nd2 Nc7 13.Nc4 Qa6 14.Qb3 b5 15.Nd2 Nh5 
16.a4 bxa4 17.Nxa4 Rfb8 18.Nb6 Qxe2 19.Bf3 Rxb6 20.Bxb6 Qxd2 21.Be3 Qxe3 
22.Qxe3 Nb5 23.Rfc1 Nf6 24.Bg2 Re8 25.Rxa7 Nxa7 26.Qxa7 e4 27.Rc7 Re7 28.
Rc8+ Bf8 29.Rd8 Be8 30.Qb8 Re5 31.Rxd6 Bxd6 32.Qxd6 Nd7 33.b4 e3 34.fxe3 
Rxe3 35.Kf2 Rc3 36.Bf1 Kg7 37.Be2 h6 38.Ke1 Nf6 39.Qe5 Rb3 40.Qd4 Rxg3 41.
b5 Rxh3 42.b6 Rb3 43.Ba6 h5 44.b7 h4 45.Qe5 1-0

[Event "12th Israeli intl it"]
[Site "Netanya ISR"]
[Date "1975.06.01"]
[Round "5"]
[White "Bleiman, Yaacov"]
[Black "Liberzon, Vladimir"]
[Result "1/2-1/2"]
[WhiteElo "2455"]
[BlackElo "2485"]
[EventDate "1975.05.28"]
[PlyCount "95"]
[Source "ChessBase"]

1.d4 Nf6 2.c4 g6 3.Nc3 Bg7 4.e4 d6 5.Be2 O-O 6.Nf3 e5 7.d5 a5 8.h4 Na6 9.
Nd2 h5 10.f3 Nh7 11.g4 Bf6 12.g5 Be7 13.Nf1 f6 14.gxf6 Bxf6 15.Kd2 Bxh4 
16.Kc2 Bg5 17.Ne3 Nb4+ 18.Kb1 Bd7 19.Qg1 Qf6 20.a3 Na6 21.Ka2 Nc5 22.Ng2 
Bxc1 23.Rxc1 Rf7 24.Rf1 Rg7 25.f4 Rf8 26.Qe3 exf4 27.Nxf4 Qe5 28.Rhg1 Be8 
29.b4 axb4 30.axb4 Na6 31.Kb3 c6 32.Ne6 Rxf1 33.Bxf1 Re7 34.Bh3 cxd5 35.
cxd5 Nc7 36.Qb6 Nxe6 37.Bxe6+ Rxe6 38.dxe6 Qxe6+ 39.Kc2 Bf7 40.Qxb7 Nf6 
41.Rb1 Ng4 42.Qa7 Qe5 43.Rd1 Qf4 44.Re1 h4 45.b5 h3 46.Qd4 Qg3 47.Qd2 Be8 
48.b6 1/2-1/2

[Event "12th Israeli intl it"]
[Site "Netanya ISR"]
[Date "1975.06.01"]
[Round "5"]
[White "Kagan, Shimon"]
[Black "Cardoso, Rodolfo Tan"]
[Result "1-0"]
[WhiteElo "2420"]
[BlackElo "2410"]
[EventDate "1975.05.28"]
[PlyCount "61"]
[Source "ChessBase"]

1.e4 c5 2.Nf3 d6 3.d4 cxd4 4.Nxd4 Nf6 5.Nc3 a6 6.g3 e6 7.Bg2 Be7 8.O-O Qc7
9.Re1 Nbd7 10.a4 Rb8 11.f4 b6 12.e5 dxe5 13.fxe5 Ng8 14.Nc6 Bc5+ 15.Be3 
Ne7 16.Bxc5 bxc5 17.Nxb8 Qxb8 18.Ne4 Ng6 19.Qd6 Qa7 20.Rad1 Ne7 21.Bh3 c4+
22.Qd4 Qxd4+ 23.Rxd4 O-O 24.Nd6 Nb6 25.Red1 Nc6 26.Nxc8 Rxc8 27.Rd6 Kf8 
28.Bg2 Nd5 29.Bxd5 exd5 30.R1xd5 Nb4 31.Rd8+ 1-0

[Event "12th Israeli intl it"]
[Site "Netanya ISR"]
[Date "1975.06.01"]
[Round "5"]
[White "Pachman, Ludek"]
[Black "Radashkovich, Itchak"]
[Result "1-0"]
[WhiteElo "2510"]
[BlackElo "2440"]
[EventDate "1975.05.28"]
[PlyCount "83"]
[Source "ChessBase"]

1.d4 Nf6 2.c4 e6 3.Nf3 d5 4.Nc3 Be7 5.Bg5 O-O 6.Qc2 h6 7.Bxf6 Bxf6 8.O-O-O
c6 9.e3 Nd7 10.h4 g6 11.h5 g5 12.e4 Qa5 13.Kb1 Rd8 14.cxd5 cxd5 15.exd5 
Nf8 16.d6 Bd7 17.Nd2 b5 18.Nb3 Qb6 19.Ne4 Bg7 20.Qc7 Bc6 21.f3 f5 22.Qxb6 
axb6 23.Nc3 b4 24.d5 Bb7 25.Nb5 e5 26.Bd3 Bc8 27.Rc1 Bd7 28.Rc6 Nh7 29.
Rxb6 Rab8 30.Rxb8 Rxb8 31.Nc7 e4 32.fxe4 fxe4 33.Bxe4 Nf6 34.Nc5 Nxe4 35.
Nxd7 Rd8 36.Re1 Nd2+ 37.Kc2 Rxd7 38.Kxd2 Rxd6 39.Re6 Rd7 40.d6 Bxb2 41.Kc2
Bg7 42.Ne8 1-0

[Event "12th Israeli intl it"]
[Site "Netanya ISR"]
[Date "1975.06.01"]
[Round "5"]
[White "Panno, Oscar"]
[Black "Najdorf, Miguel"]
[Result "1/2-1/2"]
[WhiteElo "2545"]
[BlackElo "2510"]
[EventDate "1975.05.28"]
[PlyCount "36"]
[Source "ChessBase"]

1.d4 Nf6 2.Nf3 b6 3.g3 Bb7 4.Bg2 e6 5.O-O Be7 6.c4 O-O 7.Nc3 Ne4 8.Qc2 
Nxc3 9.Qxc3 Be4 10.b3 c6 11.Bb2 d5 12.Ne5 Bxg2 13.Kxg2 Bf6 14.Ng4 Nd7 15.
cxd5 cxd5 16.Nxf6+ Nxf6 17.Rac1 Rc8 18.Qd3 Qd7 1/2-1/2

[Event "12th Israeli intl it"]
[Site "Netanya ISR"]
[Date "1975.06.01"]
[Round "5"]
[White "Yanofsky, Daniel Abraham"]
[Black "Lederman, Leon"]
[Result "0-1"]
[WhiteElo "2415"]
[BlackElo "2390"]
[EventDate "1975.05.28"]
[PlyCount "80"]
[Source "ChessBase"]

1.c4 Nf6 2.Nf3 c6 3.d4 d5 4.Nc3 e6 5.e3 Nbd7 6.Bd3 dxc4 7.Bxc4 b5 8.Bd3 a6
9.O-O c5 10.Qe2 Bb7 11.Rd1 Qb6 12.Bc2 Rc8 13.e4 cxd4 14.Nxd4 Ne5 15.Bg5 
Be7 16.Bh4 O-O 17.Rac1 Rfd8 18.Nb3 h6 19.Bg3 Nc4 20.e5 Nd7 21.Bd3 Nf8 22.
h4 Rd7 23.Bb1 Rcd8 24.Kh2 Rxd1 25.Rxd1 Rxd1 26.Nxd1 Qd8 27.h5 Qd5 28.f3 f5
29.Nc3 Qd8 30.a4 Qe8 31.Kg1 Qxh5 32.axb5 axb5 33.Nxb5 Nb6 34.Nc3 Qg5 35.
Bf2 Nd5 36.Nxd5 Bxd5 37.Bc2 Ng6 38.Be3 Qg3 39.Bf2 Qf4 40.Bd4 Bxb3 0-1

[Event "12th Israeli intl it"]
[Site "Netanya ISR"]
[Date "1975.06.02"]
[Round "6"]
[White "Cardoso, Rodolfo Tan"]
[Black "Yanofsky, Daniel Abraham"]
[Result "1-0"]
[WhiteElo "2410"]
[BlackElo "2415"]
[EventDate "1975.05.28"]
[PlyCount "89"]
[Source "ChessBase"]

1.e4 e5 2.Nf3 Nc6 3.Bb5 a6 4.Ba4 d6 5.O-O Bd7 6.c3 Nf6 7.Re1 g6 8.d4 Qe7 
9.dxe5 dxe5 10.Bg5 Bg7 11.Nbd2 h6 12.Bh4 O-O-O 13.b4 g5 14.Bg3 Nh5 15.b5 
axb5 16.Bxb5 Bf6 17.Nc4 g4 18.Nfd2 Nxg3 19.hxg3 h5 20.Qa4 Qc5 21.Rab1 Kb8 
22.Nb3 Qa7 23.Nba5 Ka8 24.Nxb7 Qxa4 25.Bxa4 Rb8 26.Nc5 Be8 27.Ne3 Be7 28.
Na6 Rc8 29.Nd5 Bd8 30.Rb2 Na5 31.Bxe8 Rxe8 32.Reb1 Ka7 33.Nc5 c6 34.Nf6 
Rh8 35.Nfd7 Re8 36.Rb4 Bc7 37.Ra4 Re7 38.Rb7+ Ka8 39.Rb6 Bxb6 40.Nxb6+ Kb8
41.Nxc8 Kxc8 42.Rxa5 Kb8 43.Ra6 Re8 44.Rxc6 Rd8 45.Rf6 1-0

[Event "12th Israeli intl it"]
[Site "Netanya ISR"]
[Date "1975.06.02"]
[Round "6"]
[White "Lederman, Leon"]
[Black "Panno, Oscar"]
[Result "1-0"]
[WhiteElo "2390"]
[BlackElo "2545"]
[EventDate "1975.05.28"]
[PlyCount "163"]
[Source "ChessBase"]

1.e4 c5 2.Nf3 d6 3.d4 cxd4 4.Nxd4 Nf6 5.Nc3 a6 6.Bg5 e6 7.f4 Be7 8.Qf3 Qc7
9.O-O-O Nbd7 10.Bd3 h6 11.Bh4 g5 12.fxg5 Ne5 13.Qe2 Nfg4 14.h3 hxg5 15.Bg3
Nf6 16.h4 g4 17.h5 Bd7 18.h6 O-O-O 19.Nb3 Rdg8 20.Bf4 Rg6 21.Kb1 Be8 22.
Nd2 Nfd7 23.Rh5 Nf6 24.Rhh1 Nh7 25.Nc4 Ng5 26.Be3 Nxc4 27.Bxc4 Bf6 28.Rh5 
Bxc3 29.Bxg5 Be5 30.Bc1 Bc6 31.Bd3 Kb8 32.Rf1 Rh7 33.Rh4 g3 34.Rg4 Rxg4 
35.Qxg4 Qd8 36.Rh1 Kc7 37.Rh5 Qf6 38.Qg8 Rh8 39.h7 Qg6 40.Qxg6 fxg6 41.Rh6
Kd7 42.c4 Ke7 43.b4 Kf6 44.b5 Bd7 45.Kc2 Kg7 46.Kb3 Be8 47.a4 Bf7 48.Kb4 
axb5 49.cxb5 Bd4 50.a5 Bc5+ 51.Ka4 e5 52.Bd2 g5 53.Bxg5 Bg6 54.b6 Bxh7 55.
Bf6+ Kxh6 56.Bxh8 Kg5 57.Bg7 Kg6 58.Bf8 Kf7 59.a6 Bxb6 60.axb7 Bc7 61.Bh6 
d5 62.Kb5 Bb8 63.Kc6 dxe4 64.Bc4+ Ke8 65.Be3 Bf5 66.Bd5 Bd7+ 67.Kb6 Bf5 
68.Bc6+ Ke7 69.Bd2 Bg6 70.Bb4+ Kd8 71.Be1 e3 72.Bxg3 Ke7 73.Bb5 Kd6 74.Be1
Bh5 75.Bc4 Bg4 76.Bb4+ Kd7 77.Bb5+ Ke6 78.Kc6 e2 79.Bd3 Bf5 80.Bxf5+ Kxf5 
81.Kd7 Kg4 82.Kc8 1-0

[Event "12th Israeli intl it"]
[Site "Netanya ISR"]
[Date "1975.06.02"]
[Round "6"]
[White "Najdorf, Miguel"]
[Black "Balshan, Amikam"]
[Result "1-0"]
[WhiteElo "2510"]
[BlackElo "2435"]
[EventDate "1975.05.28"]
[PlyCount "103"]
[Source "ChessBase"]

1.d4 Nf6 2.c4 c6 3.Nc3 d5 4.Nf3 g6 5.cxd5 cxd5 6.Bf4 Bg7 7.h3 O-O 8.e3 Nc6
9.Bd3 Be6 10.O-O Qd7 11.Rc1 Bf5 12.Ne5 Qe6 13.Nxc6 bxc6 14.Na4 Bxd3 15.
Qxd3 Nh5 16.Bh2 f5 17.Qa6 f4 18.Qxc6 Qf5 19.Nc5 Bh6 20.exf4 Bxf4 21.Rce1 
Rab8 22.Rxe7 Bxh2+ 23.Kxh2 Rxb2 24.Qe6+ Qxe6 25.Nxe6 Re2 26.Rc1 Nf4 27.
Rg7+ Kh8 28.Nxf4 Rxf4 29.Rxa7 Rexf2 30.Rcc7 h5 31.Rd7 Kg8 32.Rxd5 Rf7 33.
Ra6 R7f6 34.Rxf6 Rxf6 35.a4 Rf2 36.Kg3 Ra2 37.a5 Kf7 38.h4 Ke6 39.Rg5 Kf6 
40.Kf3 Ra4 41.Ke3 Kf7 42.Kd3 Kg7 43.Kc3 Kf6 44.Rd5 Ke6 45.Kb3 Ra1 46.Rg5 
Kf6 47.Kb4 Rb1+ 48.Kc5 Rc1+ 49.Kb6 Rc4 50.a6 Rxd4 51.a7 Rxh4 52.Ra5 1-0

[Event "12th Israeli intl it"]
[Site "Netanya ISR"]
[Date "1975.06.02"]
[Round "6"]
[White "Pachman, Ludek"]
[Black "Kraidman, Yair"]
[Result "0-1"]
[WhiteElo "2510"]
[BlackElo "2460"]
[EventDate "1975.05.28"]
[PlyCount "84"]
[Source "ChessBase"]

1.d4 Nf6 2.c4 c5 3.d5 b5 4.Nf3 g6 5.Qc2 bxc4 6.e4 d6 7.Bxc4 Bg7 8.O-O O-O 
9.Nc3 Nbd7 10.Re1 Nb6 11.Bb5 Nfd7 12.a4 a6 13.Bf1 a5 14.Bf4 Ba6 15.Nb5 c4 
16.Nfd4 Nc5 17.Nc6 Qd7 18.Bxc4 Nxc4 19.Qxc4 Bxb2 20.Rab1 Bg7 21.e5 Rfe8 
22.h3 Rac8 23.exd6 exd6 24.Qc2 Bf8 25.Bd2 Bb7 26.Nba7 Rxe1+ 27.Bxe1 Ra8 
28.Bc3 Rxa7 29.Nxa7 Bxd5 30.Qd2 Qf5 31.Rb8 Ne4 32.Qd4 Nxc3 33.Qxc3 Qe4 34.
f3 Qxa4 35.Nb5 Be6 36.Nc7 Qc4 37.Nxe6 Qxe6 38.Ra8 d5 39.Qd4 h5 40.Rd8 a4 
41.Qb4 Qe3+ 42.Kh1 Qc1+ 0-1

[Event "12th Israeli intl it"]
[Site "Netanya ISR"]
[Date "1975.06.02"]
[Round "6"]
[White "Radashkovich, Itchak"]
[Black "Liberzon, Vladimir"]
[Result "0-1"]
[WhiteElo "2440"]
[BlackElo "2485"]
[EventDate "1975.05.28"]
[PlyCount "52"]
[Source "ChessBase"]

1.d4 Nf6 2.Nf3 g6 3.b3 Bg7 4.Bb2 O-O 5.g3 c5 6.Bg2 d5 7.O-O cxd4 8.Nbd2 
Re8 9.Bxd4 Nc6 10.Bb2 e5 11.e3 Bf5 12.h3 h5 13.a3 Qd7 14.Kh2 Rad8 15.Re1 
Qc7 16.Rc1 e4 17.Nd4 Nxd4 18.Bxd4 h4 19.Nf1 Be6 20.Kg1 hxg3 21.fxg3 b6 22.
Qd2 Nd7 23.Qf2 Ne5 24.Nh2 Qe7 25.Bf1 Qxa3 26.Ra1 Qe7 {und nach 39 Zügen} 
0-1

[Event "12th Israeli intl it"]
[Site "Netanya ISR"]
[Date "1975.06.02"]
[Round "6"]
[White "Shamkovich, Leonid"]
[Black "Kagan, Shimon"]
[Result "1-0"]
[WhiteElo "2505"]
[BlackElo "2420"]
[EventDate "1975.05.28"]
[PlyCount "61"]
[Source "ChessBase"]

1.e4 c5 2.Nf3 Nc6 3.d4 cxd4 4.Nxd4 g6 5.c4 Nf6 6.Nc3 d6 7.Be2 Nxd4 8.Qxd4 
Bg7 9.Be3 O-O 10.Qd2 Be6 11.Rc1 Qa5 12.b3 Rfc8 13.O-O a6 14.f4 b5 15.f5 b4
16.fxe6 bxc3 17.exf7+ Kf8 18.Qc2 Qe5 19.Bf3 d5 20.Rcd1 dxc4 21.Bd4 Qb5 22.
b4 Rd8 23.Qxc3 Rac8 24.a4 Qb8 25.e5 Nd5 26.Bxd5 Rxd5 27.Qh3 h5 28.Qe6 Rxd4
29.Rxd4 Bxe5 30.Rd7 Bxh2+ 31.Kh1 1-0

[Event "12th Israeli intl it"]
[Site "Netanya ISR"]
[Date "1975.06.02"]
[Round "6"]
[White "Timman, Jan"]
[Black "Bleiman, Yaacov"]
[Result "1-0"]
[WhiteElo "2510"]
[BlackElo "2455"]
[EventDate "1975.05.28"]
[PlyCount "113"]
[Source "ChessBase"]

1.d4 Nf6 2.c4 g6 3.Nc3 Bg7 4.e4 d6 5.f3 O-O 6.Be3 e5 7.d5 Nh5 8.Qd2 c6 9.
O-O-O cxd5 10.Qxd5 Nc6 11.Qxd6 Qa5 12.Qd5 Qc7 13.Qd6 Qa5 14.Qc5 Bh6 15.Kb1
Bxe3 16.Qxe3 f5 17.Nge2 f4 18.Qd2 Be6 19.Nd5 Qd8 20.Nc1 Nf6 21.Nd3 Nd7 22.
Be2 a5 23.g3 fxg3 24.hxg3 Rf7 25.Qe3 Rc8 26.f4 Qf8 27.Rh4 a4 28.Rc1 Qg7 
29.Bg4 Bxg4 30.Rxg4 a3 31.b3 Qh6 32.Rg5 Rcf8 33.f5 Rg7 34.Rf1 Qh3 35.Qc1 
h6 36.Nf2 Qg2 37.Rg4 gxf5 38.Rxg7+ Kxg7 39.Ne3 Qf3 40.Nxf5+ Rxf5 41.exf5 
Nd4 42.Qxa3 Qxf5+ 43.Kb2 Nf6 44.Qe7+ Kg6 45.g4 Qc2+ 46.Ka3 Qe2 47.Nd3 Nc2+
48.Ka4 Qxf1 49.Nxe5+ Kg5 50.Nd7 Kg6 51.Ne5+ Kg5 52.Qxb7 Kh4 53.Qg7 Kg3 54.
g5 Qa1 55.gxf6+ Kf2 56.Nd3+ Ke2 57.Nb4 1-0

[Event "12th Israeli intl it"]
[Site "Netanya ISR"]
[Date "1975.06.03"]
[Round "7"]
[White "Balshan, Amikam"]
[Black "Lederman, Leon"]
[Result "1/2-1/2"]
[WhiteElo "2435"]
[BlackElo "2390"]
[EventDate "1975.05.28"]
[PlyCount "80"]
[Source "ChessBase"]

1.c4 Nf6 2.g3 c6 3.Bg2 d5 4.cxd5 cxd5 5.d4 Nc6 6.Nf3 e6 7.O-O Be7 8.Nc3 
O-O 9.Bf4 b6 10.Ne5 Bb7 11.Rc1 Rc8 12.Nxc6 Bxc6 13.Qd3 Qd7 14.a3 a5 15.Bd2
Rfd8 16.Rfd1 Ne8 17.Ra1 a4 18.Bf4 Bb7 19.Nb1 Ra8 20.Nc3 Ba6 21.Qd2 Rac8 
22.Bf1 Bc4 23.Rdc1 Qa7 24.h4 Bd6 25.Bg5 Rd7 26.Nb5 Qa6 27.Nxd6 Nxd6 28.Bf4
b5 29.Bh3 Rcd8 30.Qe3 Nf5 31.Qd2 Qb6 32.e3 Re8 33.Qb4 Ne7 34.Qd2 Nc6 35.
Qd1 Na5 36.Qg4 f5 37.Qg5 Qd8 38.Qxd8 Rexd8 39.Rc3 Nb3 40.Re1 Nd2 1/2-1/2

[Event "12th Israeli intl it"]
[Site "Netanya ISR"]
[Date "1975.06.03"]
[Round "7"]
[White "Bleiman, Yaacov"]
[Black "Najdorf, Miguel"]
[Result "0-1"]
[WhiteElo "2455"]
[BlackElo "2510"]
[EventDate "1975.05.28"]
[PlyCount "88"]
[Source "ChessBase"]

1.d4 Nf6 2.c4 g6 3.Nc3 Bg7 4.e4 d6 5.Be2 O-O 6.Nf3 e5 7.d5 a5 8.O-O Na6 9.
Ne1 Nc5 10.Qc2 Bd7 11.Be3 b6 12.Kh1 Qe7 13.a4 Kh8 14.f3 Nh5 15.Nd3 f5 16.
Nxc5 bxc5 17.exf5 gxf5 18.f4 Nxf4 19.Bxf4 exf4 20.Nb5 Qd8 21.Bd3 Be5 22.
Rae1 Rb8 23.b3 c6 24.dxc6 Bxc6 25.Bxf5 Bxg2+ 26.Qxg2 Rxf5 27.Qf3 Qh4 28.
Rg1 Qh5 29.Ref1 Qh6 30.Rg2 Rg5 31.Rxg5 Qxg5 32.Na7 Rg8 33.Nc6 Rg6 34.h3 
Kg7 35.Kh2 h5 36.Kh1 Kh7 37.Nxa5 Bd4 38.Nc6 Be3 39.a5 Qh4 40.a6 Rh6 41.Rd1
d5 42.Ne7 Qxe7 43.Rxd5 Qh4 44.Rd1 Rxa6 0-1

[Event "12th Israeli intl it"]
[Site "Netanya ISR"]
[Date "1975.06.03"]
[Round "7"]
[White "Kagan, Shimon"]
[Black "Pachman, Ludek"]
[Result "1/2-1/2"]
[WhiteElo "2420"]
[BlackElo "2510"]
[EventDate "1975.05.28"]
[PlyCount "112"]
[Source "ChessBase"]

1.e4 e5 2.Nf3 Nc6 3.Bb5 a6 4.Bxc6 dxc6 5.O-O Qd6 6.d4 exd4 7.Qxd4 Qxd4 8.
Nxd4 Bd7 9.Be3 O-O-O 10.Nc3 Ne7 11.Rad1 c5 12.Nf3 b6 13.Ng5 Be8 14.Rxd8+ 
Kxd8 15.Bf4 Ng6 16.Rd1+ Kc8 17.Bg3 Be7 18.h4 h6 19.Nf3 f6 20.h5 Nf8 21.
Bxc7 Kxc7 22.Nd5+ Kb7 23.Nxe7 Bxh5 24.Rd3 Bxf3 25.gxf3 Kc7 26.f4 Nd7 27.
Rg3 g5 28.f5 Re8 29.Nd5+ Kc6 30.Re3 h5 31.f3 Rf8 32.Kg2 Ne5 33.Re2 Nc4 34.
b3 Nd6 35.Rd2 Rf7 36.Nxb6 Nxf5 37.exf5 Kxb6 38.Rd6+ Kb7 39.Kg3 a5 40.c4 
Rf8 41.Re6 Rf7 42.Kf2 h4 43.Kg2 a4 44.bxa4 Rd7 45.Rxf6 Rd4 46.Rg6 Rxc4 47.
Rxg5 Rxa4 48.f6 Kc6 49.Rf5 Ra8 50.Kh3 Kd6 51.Kxh4 Ke6 52.Kg5 Kf7 53.Rxc5 
Rxa2 54.Rc7+ Kf8 55.Rc8+ Kf7 56.Rc7+ Kf8 1/2-1/2

[Event "12th Israeli intl it"]
[Site "Netanya ISR"]
[Date "1975.06.03"]
[Round "7"]
[White "Kraidman, Yair"]
[Black "Radashkovich, Itchak"]
[Result "0-1"]
[WhiteElo "2460"]
[BlackElo "2440"]
[EventDate "1975.05.28"]
[PlyCount "89"]
[Source "ChessBase"]

1.d4 Nf6 2.c4 e6 3.Nf3 d5 4.Nc3 Be7 5.Bf4 O-O 6.e3 c5 7.dxc5 Bxc5 8.cxd5 
Nxd5 9.Nxd5 exd5 10.a3 Nc6 11.Bd3 Be7 12.O-O Be6 13.Ne5 Nxe5 14.Bxe5 Bf6 
15.Bxf6 Qxf6 16.Qd2 Rac8 17.Rac1 g6 18.h3 Rfd8 19.Rxc8 Rxc8 20.Qb4 b6 21.
Rd1 Rc5 22.Qd2 Rc7 23.Bb1 Kg7 24.Bd3 Bf5 25.Bxf5 Qxf5 26.Rc1 Rxc1+ 27.Qxc1
Qd3 28.Kh2 d4 29.Kg3 dxe3 30.fxe3 Qd6+ 31.Kf3 h5 32.Qc3+ f6 33.Qd4 Qxd4 
34.exd4 Kf7 35.g4 Ke6 36.Ke4 hxg4 37.hxg4 Kd6 38.d5 b5 39.Kd4 f5 40.gxf5 
gxf5 41.b3 a5 42.a4 b4 43.Kc4 f4 44.Kd4 f3 45.Ke3 0-1

[Event "12th Israeli intl it"]
[Site "Netanya ISR"]
[Date "1975.06.03"]
[Round "7"]
[White "Panno, Oscar"]
[Black "Cardoso, Rodolfo Tan"]
[Result "0-1"]
[WhiteElo "2545"]
[BlackElo "2410"]
[EventDate "1975.05.28"]
[PlyCount "96"]
[Source "ChessBase"]

1.d4 Nf6 2.c4 e6 3.Nc3 Bb4 4.e3 O-O 5.Bd3 c5 6.Nf3 b6 7.O-O Bb7 8.Na4 cxd4
9.exd4 Be7 10.Re1 d6 11.b4 Nbd7 12.Bb2 a5 13.b5 Rc8 14.d5 exd5 15.cxd5 
Bxd5 16.Nd4 g6 17.Re3 Ne5 18.f4 Nc4 19.Bxc4 Rxc4 20.Nxb6 Qxb6 21.Rxe7 Be6 
22.Qe2 Rb4 23.a3 Rxb2 24.Qxb2 Nd5 25.Rxe6 fxe6 26.Kh1 Nxf4 27.h3 Qc5 28.
Nc6 Qg5 29.b6 Nd3 30.Qd4 Nf4 31.Qb2 Rf7 32.Rf1 Qg3 33.Ne7+ Rxe7 34.b7 Re8 
35.b8=Q Rxb8 36.Qxb8+ Kg7 37.Qb7+ Kh6 38.Qf3 Qxf3 39.Rxf3 Kg5 40.Rb3 d5 
41.Rb5 e5 42.Rxa5 Kf5 43.Kg1 Ke4 44.Ra8 d4 45.Rd8 d3 46.a4 Ke3 47.a5 d2 
48.a6 Nd3 0-1

[Event "12th Israeli intl it"]
[Site "Netanya ISR"]
[Date "1975.06.03"]
[Round "7"]
[White "Yanofsky, Daniel Abraham"]
[Black "Shamkovich, Leonid"]
[Result "1/2-1/2"]
[WhiteElo "2415"]
[BlackElo "2505"]
[EventDate "1975.05.28"]
[PlyCount "152"]
[Source "ChessBase"]

1.e4 c5 2.Nf3 d6 3.d4 cxd4 4.Nxd4 Nf6 5.Nc3 a6 6.g3 e5 7.Nde2 Be7 8.Bg2 
O-O 9.O-O Be6 10.h3 Nbd7 11.a4 Rc8 12.Be3 Qa5 13.Bd2 Qc7 14.a5 Rfd8 15.Be3
Bc4 16.g4 g6 17.Re1 h5 18.g5 Nh7 19.Qd2 Re8 20.h4 Nhf8 21.Na4 Be6 22.Nec3 
Kg7 23.Red1 Qc6 24.f4 exf4 25.Bd4+ Ne5 26.Nb6 Rcd8 27.Qxf4 Nd7 28.Nbd5 Kg8
29.Rf1 Bf8 30.Rad1 Bg7 31.Nf6+ Nxf6 32.gxf6 Bf8 33.Rf2 Kh7 34.Qg3 Bg4 35.
Re1 Qc4 36.Bb6 Rc8 37.Nd5 Qb5 38.b3 Bh6 39.c4 Qd7 40.Rc2 Be6 41.Ne7 Rxe7 
42.fxe7 Qxe7 43.Be3 Bxe3+ 44.Rxe3 Qc7 45.Qe1 Ng4 46.Rg3 Qc5+ 47.Kh1 Re8 
48.b4 Qd4 49.Qd2 Qa1+ 50.Rc1 Qf6 51.Kg1 Qxh4 52.Rh3 Qf6 53.Qxd6 Rd8 54.Qc5
Rd2 55.Rf1 Qb2 56.Rg3 Kg7 57.Bh3 Rc2 58.Rg2 Rxg2+ 59.Bxg2 h4 60.Rf3 Qc1+ 
61.Bf1 Qd2 62.Rh3 g5 63.b5 Qf4 64.Bg2 Qc1+ 65.Bf1 Qf4 66.Bg2 Ne5 67.Rc3 g4
68.bxa6 bxa6 69.Qf2 Qxf2+ 70.Kxf2 Bxc4 71.Bf1 g3+ 72.Kg1 Bxf1 73.Kxf1 Kf6 
74.Rc5 Ke6 75.Kg2 Nd3 76.Rg5 Ne1+ 1/2-1/2

[Event "12th Israeli intl it"]
[Site "Netanya ISR"]
[Date "1975.06.05"]
[Round "8"]
[White "Cardoso, Rodolfo Tan"]
[Black "Balshan, Amikam"]
[Result "1/2-1/2"]
[WhiteElo "2410"]
[BlackElo "2435"]
[EventDate "1975.05.28"]
[PlyCount "113"]
[Source "ChessBase"]

1.e4 d5 2.exd5 Nf6 3.d4 Nxd5 4.c4 Nb6 5.Nc3 e5 6.dxe5 Qxd1+ 7.Nxd1 Nc6 8.
f4 Bb4+ 9.Kf2 Be6 10.b3 O-O-O 11.Be3 Nd4 12.Rc1 Ba3 13.Rc3 g5 14.fxg5 Nc6 
15.Rd3 Nxe5 16.Rxd8+ Rxd8 17.Be2 Bb4 18.h3 Bf5 19.Nf3 Nd3+ 20.Bxd3 Bxd3 
21.Bd4 Nd7 22.Ne3 Be4 23.Ng4 Nc5 24.Nge5 Bxf3 25.Nxf3 Ne4+ 26.Ke3 Ng3 27.
Rb1 Nf5+ 28.Ke4 Ng3+ 29.Ke5 Rd6 30.c5 Re6+ 31.Kd5 Re2 32.Kc4 a5 33.Rb2 Re7
34.Kd3 Kd7 35.Ne5+ Ke6 36.Rf2 Kd5 37.Rxf7 Rxf7 38.Nxf7 Ne4 39.Nd8 Nxg5 40.
Nxb7 Ne6 41.Bc3 Nf4+ 42.Kc2 Nxg2 43.Nxa5 Bxc3 44.Kxc3 Kxc5 45.Nc4 Nf4 46.
h4 Nd5+ 47.Kb2 h5 48.a4 Kb4 49.Ne5 Nf4 50.Ka2 Ng2 51.Nd3+ Ka5 52.Ka3 Nxh4 
53.b4+ Kb6 54.Nf4 Nf5 55.Nxh5 c5 56.Nf6 cxb4+ 57.Kxb4 1/2-1/2

[Event "12th Israeli intl it"]
[Site "Netanya ISR"]
[Date "1975.06.05"]
[Round "8"]
[White "Kraidman, Yair"]
[Black "Kagan, Shimon"]
[Result "1-0"]
[WhiteElo "2460"]
[BlackElo "2420"]
[EventDate "1975.05.28"]
[PlyCount "43"]
[Source "ChessBase"]

1.c4 g6 2.Nc3 Bg7 3.d4 d6 4.e4 e5 5.d5 Nd7 6.Bd3 a5 7.Be3 Bh6 8.Bxh6 Nxh6 
9.Qd2 Ng4 10.h3 Ngf6 11.Nf3 Nc5 12.Bc2 Bd7 13.O-O Nh5 14.Ne2 g5 15.Nxg5 
Rg8 16.f4 Nxf4 17.h4 Nxg2 18.Kxg2 h6 19.Rxf7 hxg5 20.Raf1 Qc8 21.Kh2 Bh3 
22.Qxg5 1-0

[Event "12th Israeli intl it"]
[Site "Netanya ISR"]
[Date "1975.06.05"]
[Round "8"]
[White "Lederman, Leon"]
[Black "Bleiman, Yaacov"]
[Result "1/2-1/2"]
[WhiteElo "2390"]
[BlackElo "2455"]
[EventDate "1975.05.28"]
[PlyCount "88"]
[Source "ChessBase"]

1.e4 c6 2.d4 d5 3.e5 Bf5 4.Ne2 e6 5.Ng3 Bg6 6.h4 h5 7.Be2 c5 8.c3 Nc6 9.
Be3 Qb6 10.Qb3 Qxb3 11.axb3 cxd4 12.Bxd4 Bxb1 13.Rxb1 Nxd4 14.cxd4 g6 15.
Bb5+ Kd8 16.Ne2 Ne7 17.Kd2 Nf5 18.Bd3 Bb4+ 19.Kd1 Ne7 20.Ra1 a6 21.Ra4 Nc6
22.Bb5 Be7 23.Bxc6 bxc6 24.Kc2 Kc7 25.Rh3 Kb6 26.Nc1 g5 27.hxg5 Bxg5 28.
Rb4+ Kc7 29.Rf3 Rh7 30.Nd3 h4 31.Nc5 Ra7 32.Ra4 Kb6 33.b4 Be7 34.Rfa3 Rg7 
35.Rxa6+ Rxa6 36.Rxa6+ Kb5 37.Ra7 Bxc5 38.bxc5 Rxg2 39.Kc3 Rxf2 40.Rb7+ 
Ka6 41.Rb6+ Ka7 42.Rxc6 h3 43.Rc8 h2 44.Rh8 Ka6 1/2-1/2

[Event "12th Israeli intl it"]
[Site "Netanya ISR"]
[Date "1975.06.05"]
[Round "8"]
[White "Najdorf, Miguel"]
[Black "Liberzon, Vladimir"]
[Result "0-1"]
[WhiteElo "2510"]
[BlackElo "2485"]
[EventDate "1975.05.28"]
[PlyCount "104"]
[Source "ChessBase"]

1.d4 Nf6 2.c4 g6 3.Nf3 Bg7 4.g3 O-O 5.Bg2 d6 6.O-O Nc6 7.Nc3 Rb8 8.h3 a6 
9.a4 a5 10.e4 Nd7 11.Bg5 h6 12.Be3 e5 13.d5 Nb4 14.Qd2 Nc5 15.Ra3 Kh7 16.
Ne1 f5 17.exf5 gxf5 18.Na2 Nxa2 19.Rxa2 b6 20.Nd3 Qf6 21.f4 e4 22.Nxc5 
bxc5 23.Qxa5 Rxb2 24.Rxb2 Qxb2 25.Qxc7 Qc3 26.Kf2 Qc2+ 27.Kg1 Qc3 28.Kf2 
Ba6 29.Rd1 Qxc4 30.Rd2 Qxa4 31.Qxd6 c4 32.Bf1 c3 33.Qxa6 Qxa6 34.Bxa6 cxd2
35.Bxd2 Ra8 36.Be2 Ra3 37.Be3 Bf6 38.Bb5 Ra2+ 39.Kf1 Ra1+ 40.Kf2 Ra2+ 41.
Kf1 Ra5 42.Bc4 Be7 43.g4 Kg6 44.d6 Bxd6 45.Be6 fxg4 46.hxg4 Bc5 47.Ke2 Kf6
48.Bg8 Bxe3 49.Kxe3 Ra3+ 50.Kxe4 Rg3 51.g5+ Kg7 52.Bd5 h5 0-1